000 00715nam a22002057a 4500
003 DO-SdBNP
005 20260219105724.0
008 110627s2020 dr 000 0 spa d
040 _aDO-SdBNP
_bspa
_cBNPHU
082 4 _a378.7293
_bU58s
_222
110 2 _aUniversidad Católica de Santo Domingo
_91476
245 1 0 _aOctogésima tercera graduación ordinaria :
_bmodalidad virtual 11 de octubre de 2020/.
260 _aSanto Domingo :
_bUniversidad Católica Santo Domingo,
_c2020.
300 _a36 p. ;
_c21 cm.
590 _aInventariado, 2021/ YL
650 4 _aUniversidades
_zRepública Dominicana
_9729
650 0 _aEducación superior
_zRepública Dominicana
_9730
910 _aYLOCKWARD
942 _2ddc
_cLF2
999 _c49561
_d49561